=LDR 00000nam 2200000 4500 =001 NUTBA000000000006269 =005 20141127162841.0 =006 =007 =008 =035 ##$$a 0010-111400000000748 =082 ##$$a 070 =090 ##$$a 070 Abi w =100 ##$$a Lais Abit =245 ##$$a Wartawan terpasung =260 ##$$b Institut Studi Arus Informasi $c 1998 =300 ##$$a 126 hlm $c 20 cm =850 ##$$aNBPNMAT =990 ##$$a 0001/BPAP-NTB/20142014 =990 ##$$a 00089146 =990 ##$$a 00089146 =990 ##$$a 01330133